| 000 | 00386nam a2200121Ia 4500 | ||
|---|---|---|---|
| 008 | 150223s9999 xx 000 0 und d | ||
| 020 | _a9788179929216 | ||
| 050 |
_aGV 191.24 _b.X3 2009 |
||
| 100 | _aXavier, Francis, Ph.D. | ||
| 245 | 4 |
_aThe world's best inspiring stories / _cG. Francis Xavier, Ph.D. |
|
| 260 |
_aMumbai : _bJaico Publishing House, _c2009 |
||
| 300 |
_a164 pages : _c22 cm. |
||
| 999 |
_c283245 _d283245 |
||